00698nam a2200241 a 4500001001300000003000900013005001700022008004100039020001000080082001500090100001900105245002200124260004200146300000900188500003500197505003400232650001100266700001900277902000800296942000700304952012800311999001700439nice12345678IN_TiNIC20260116013309.0050524s1998 dela grp 000 0 eng  ac55000a297.4bNIC aNicholson, R A aIslamic Mysticism aDelhibAryan Book Internationalc1998 a282p aincludes index and biblioraphy2 amasterpice library of islam-4 aSufism1 aNicholson, R A bSRS cBK 001040708StackRoom-aHMIbHMId2007-09-27g550.00l5o297.4 NICp017976r2018-08-31s2018-08-21v550.00w2005-05-24yBK c10459d10459